Separát štatistickej ročenky školstva SR 2002 ostatné výchovno-vzdelávacie zariadenia

Uložené v:
Podrobná bibliografia
Médium: Kniha
Jazyk:Slovak
Vydavateľské údaje: Bratislava Ústav informácií a prognóz školstva 2003
Predmet:
Tagy: Pridať tag
Žiadne tagy, Buďte prvý, kto otaguje tento záznam!

MARC

LEADER 00000nam$a2200000$$$4500
001 0024878
005 20251212071025.2
041 0 |a slo 
044 |a SK 
245 1 0 |a Separát štatistickej ročenky školstva SR 2002  |b ostatné výchovno-vzdelávacie zariadenia 
264 1 |a Bratislava  |b Ústav informácií a prognóz školstva  |c 2003 
300 |a 87 s. 
610 2 0 |a Slovensko 
610 2 0 |a školstvo 
610 2 0 |a zariadenia výchovné 
610 2 0 |a zariadenia školské